Entry Nombre personal
001 - NÚMERO DE CONTROL
- campo de control: 27072
003 - IDENTIFICADOR DE NÚMERO DE CONTROL
- campo de control: SpMaBN
005 - FECHA Y HORA DE LA ÚLTIMA TRANSACCIÓN
- campo de control: 20250730054706.0
008 - ELEMENTOS DE DATO DE LONGITUD-FIJA
- campo de control de longitud fija: 901120nn aijnnaabn a aaa
016 ## - NÚMERO DE CONTROL DE UNA AGENCIA BIBLIOGRÁFICA NACIONAL
- Número de control del registro: BNE19900381046
024 7# - IDENTIFICADOR DE OTROS ESTÁNDARES
- Número estándar o código: http://viaf.org/viaf/107018912/
- Fuente: viaf
024 7# - IDENTIFICADOR DE OTROS ESTÁNDARES
- Número estándar o código: https://isni.org/isni/0000000081722152
- Fuente: isni
024 7# - IDENTIFICADOR DE OTROS ESTÁNDARES
- Número estándar o código: http://www.wikidata.org/entity/Q16573844
- Fuente: wikidata
040 ## - FUENTE DE CATALOGACIÓN
- Centro catalogador/agencia de origen: SpMaBN
- Lengua de catalogación: spa
- Centro/agencia transcriptor: SpMaBN
- Normas de descripción: rdc
- Convención/Normas de encabezamiento de materia/tesauro: embne
100 1# - ENCABEZAMIENTO-NOMBRE DE PERSONA
- Nombre de persona: Beinart, Haim
370 ## - LUGAR ASOCIADO
- Lugar de nacimiento: Pskov
- Número de control del registro de autoridad o número normalizado: XX451819
- Fuente de información: Wikidata
372 ## - CAMPO DE ACTIVIDAD
- Campo de actividad: Historia
- Fuente de información: Wikidata
373 ## - GRUPO ASOCIADO
- Grupo asociado: Medieval Academy of America
- Grupo asociado: Academia Israelí de Ciencias y Humanidades
- Fuente de información: Wikidata
374 ## - OCUPACIÓN
- Ocupación: Historiadores
- Fuente de información: Wikidata
375 ## - GÉNERO/SEXO
- Género: Masculino
377 ## - IDIOMA ASOCIADO
- Término de lengua/lenguaje: Hebreo
400 1# - TRAZADO DE VÉASE--NOMBRE DE PERSONA
- Nombre de persona: Beinart, H.
400 1# - TRAZADO DE VÉASE--NOMBRE DE PERSONA
- Nombre de persona: Beinart, Hayim
670 ## - FUENTE DE DATOS ENCONTRADOS
- Cita de la fuente: Sefarad, Sefarad, de José Luis Lacave, 1986
- Información encontrada: (introducción, Haim Beinart)
670 ## - FUENTE DE DATOS ENCONTRADOS
- Cita de la fuente: Name authorities, 1977-1982
- Información encontrada: (Beinart, Haim)
856 4# - LOCALIZACIÓN Y ACCESO ELECTRÓNICOS
- Identificador Uniforme de Recursos: https://dialnet.unirioja.es/servlet/autor?codigo=520700
